[Event "IECG TG.2004.0.15220 email"]
[Site "IECG email"]
[Date "2004.07.31"]
[Round "2"]
[White "Walden, Noble"]
[Black "Nigel, Cook"]
[Result "1-0"]
[WhiteElo "1250"]
[BlackElo "1250"]
[PlyCount "104"]
[EventDate "2004.07.31"]
[EventType "match (corr)"]
[EventRounds "2"]
[SourceTitle "Corr 2024"]
[Source "ChessBase"]
[SourceDate "2023.10.19"]
[SourceVersion "1"]
[SourceVersionDate "2023.10.19"]
[SourceQuality "1"]

1. e4 e6 2. d4 d5 3. Nc3 Nf6 4. Bg5 dxe4 5. Nxe4 Be7 6. Bxf6 Bxf6 7. Nf3 Nd7 8. c3 0-0 9. Bc4 a6 10. Qc2 b5 11. Bd3 Bb7 12. 0-0 Be7 13. Rfe1 c5 14. Nxc5 Bxc5 15. dxc5 Bxf3 16. gxf3 Qg5+ 17. Kh1 Nxc5 18. Bxh7+ Kh8 19. Be4 Rad8 20. Rad1 Qh5 21. Rxd8 Rxd8 22. Qe2 Na4 23. Rd1 Rxd1+ 24. Qxd1 f5 25. Bb7 Nxb2 26. Qe2 Na4 27. Qxe6 Qh3 28. Kg1 Qh5 29. Kf1 Qg5 30. f4 Qxf4 31. Qe8+ Kh7 32. Qh5+ Qh6 33. Qxf5+ Qg6 34. Qxg6+ Kxg6 35. Bxa6 Nxc3 36. a3 Kf6 37. Kg2 Nb1 38. Bxb5 Nxa3 39. Bd3 Ke5 40. Kf3 Kd4 41. Ke2 Nc4 42. Bxc4 Kxc4 43. Ke3 Kd5 44. Kf4 Ke6 45. Kg5 Kf7 46. h4 g6 47. h5 gxh5 48. Kxh5 Kf6 49. Kg4 Kg6 50. Kf4 Kf6 51. f3 Ke6 52. Kg5 Kf7 1-0